| 000 | 00374 a2200145 4500 | ||
|---|---|---|---|
| 001 | 90496 | ||
| 082 | _a158.1 GRE | ||
| 090 |
_c42830 _d42830 |
||
| 100 | _aGreene,Robert | ||
| 245 |
_aThe 33 Strategies of War _hEnglish _cRobert Greene |
||
| 250 | _aConcise Edition | ||
| 260 |
_aNew Delhi _bViva Books Pvt Ltd _c2011 |
||
| 300 | _ax, 198p. | ||
| 500 | _aGeneral Collection | ||
| 942 |
_aCAE NUST _k158.1 GRE |
||
| 999 |
_c325569 _d325569 |
||